Southville International School and Colleges
Your cart is empty.
  • Cart
  • Lists
    Public lists Eva Luna New books Lux_list list_1
    Your lists Log in to create your own lists
  • Log in to your account
  • Your cookies
  • Search history
Southville International School and Colleges
  • Advanced search
  • Recent comments
  • Most popular
  • Libraries

Log in to your account

Log in with GOOGLE


If you do not have an external account, but do have a local account, you can still log in:

  1. Home
  2. MARC view: Ready, set, write! :
Normal view MARC view ISBD view

Ready, set, write! : (Record no. 289039)

[ view plain ]
MARC details
000 -LEADER
fixed length control field 00803cam a22002174a 4500
003 - CONTROL NUMBER IDENTIFIER
control field PILC
005 - DATE AND TIME OF LATEST TRANSACTION
control field 20160106104428.0
008 - FIXED-LENGTH DATA ELEMENTS--GENERAL INFORMATION
fixed length control field 050301s2006 nyuab j 000 0 eng
020 ## - INTERNATIONAL STANDARD BOOK NUMBER
International Standard Book Number 1933405384
050 00 - LIBRARY OF CONGRESS CALL NUMBER
Classification number PE 1408
Item number .R434 2006
245 00 - TITLE STATEMENT
Title Ready, set, write! :
Remainder of title a student writer's handbook for school and home /
Statement of responsibility, etc by the editors of Time for kids ; [editorial director, Keith Garton].
260 ## - PUBLICATION, DISTRIBUTION, ETC. (IMPRINT)
Place of publication, distribution, etc New York :
Name of publisher, distributor, etc TIME for Kids Books,
Date of publication, distribution, etc 2006.
300 ## - PHYSICAL DESCRIPTION
Extent 112 pages :
Other physical details color illustrations ;
Dimensions 23 cm.
440 ## - SERIES STATEMENT/ADDED ENTRY--TITLE
Title TIME for kids.
650 #0 - SUBJECT ADDED ENTRY--TOPICAL TERM
Topical term or geographic name as entry element English language
General subdivision Composition and exercises.
650 10 - SUBJECT ADDED ENTRY--TOPICAL TERM
Topical term or geographic name as entry element English language
General subdivision Rhetoric
-- Handbooks, manuals, etc.
650 10 - SUBJECT ADDED ENTRY--TOPICAL TERM
Topical term or geographic name as entry element Report writing
General subdivision Handbooks, manuals, etc.
700 1# - ADDED ENTRY--PERSONAL NAME
Personal name Garton, Keith.
730 0# - ADDED ENTRY--UNIFORM TITLE
Uniform title TIME for kids.
942 ## - ADDED ENTRY ELEMENTS (KOHA)
Source of classification or shelving scheme Library of Congress Classification
Koha item type Books
Call number prefix Foreign
Holdings
Withdrawn status Lost status Source of classification or shelving scheme Damaged status Home library Current library Shelving location Date acquired Source of acquisition Sub Shelving location Total Checkouts Full call number Barcode Date last seen Price effective from Koha item type
    Library of Congress Classification   College Library College Library General Circulation Section 01/06/2016 Donation     PE 1408 .R434 2006 C20359 05/15/2018 01/06/2016 Books

Ready, set, write! :

APA

Garton K., . (2006). Ready, set, write!. New York: TIME for Kids Books.

Chicago

Garton Keith, . 2006. Ready, set, write!. New York: TIME for Kids Books.

Harvard

Garton K., . (2006). Ready, set, write!. New York: TIME for Kids Books.

MLA

Garton Keith, . Ready, set, write!. New York: TIME for Kids Books. 2006.

  • Place hold
  • Print
  • Cite
  • Add to your cart (remove)
  • Save record
    BIBTEX Dublin Core MARCXML MARC (non-Unicode/MARC-8) MARC (Unicode/UTF-8) MARC (Unicode/UTF-8, Standard) MODS (XML) RIS
  • More searches
    Search for this title in:
    Other Libraries (WorldCat) Other Databases (Google Scholar) Online Stores (Bookfinder.com) Open Library (openlibrary.org)

Exporting to Dublin Core...

SOUTHVILLE LIBRARY

Southville International School and Colleges Library

1281 Tropical Ave. Cor. Luxembourg St., BF Homes International, Las Pinas City

Tel. No. 8256374 / 252358 Loc. 117/146

Powered by Koha